Statistiques concernant Quizlendrier de l'Avent #01 - Nommez un département français valide - Version Noël

Cliquez ici pour prendre le quiz!

Statistiques générales

  • Ce quiz a été pris 291 fois
  • Le résultat moyen est 10 sur 15

Statistiques - réponses

Nommez un département...Réponses possibles% Correct
...où Noël est fêté en étéLa Réunion | Mayotte
92%
...où l'on peut entendre "Nedeleg" (breton langue régionale)Finistère | Morbihan | Côtes-d'Armor | Ille-et-Vilaine | (Loire Atlantique)
91%
...ayant accueilli les Jeux Olympiques d'hiverHaute-Savoie | Isère | Savoie
90%
...culminant à plus de 4000 mHaute-Savoie | Hautes-Alpes | Isère
84%
...avec plus de 20 stations de ski alpinSavoie | Haute-Savoie | Isère | Hautes-Alpes
84%
...avec une commune nommée
Rennes
Ille-et-Vilaine | Mayenne | Aude | Doubs
82%
...où l'on peut produire du champagne (AOC)Marne | Aube | Aisne | Haute-Marne | Seine-et-Marne
78%
...concerné par l'IGP "Foie gras du Sud-Ouest"Landes | Gers | Hautes-Pyrénées | Haute-Garonne | Tarn-et-Garonne | Dordogne | Haute-Vienne | Corrèze | Lot | Lot-et-Garonne
77%
...où le 26 décembre est fériéBas-Rhin | Haut-Rhin | Moselle
66%
...dont plus de la moitié du territoire est couvert de forêtsGuyane | Corse-du-Sud | Landes | Var | La Réunion | Alpes-Maritimes
65%
...concerné par l'AOC dinde de
Bresse
Ain | Saône-et-Loire | Jura
63%
...contenant les lettres du mot
"Noël"
Saône-et-Loire | Indre-et-Loire | Lot-et-Garonne | Pyrénées-Orientales | Loire-Atlantique | Maine-et-Loire | Alpes-de-Haute-Provence
56%
...avec un record de chaleur
inférieur à 38°C
Ariège | Doubs | Manche | Finistère
54%
...avec plus d'un dixième de ses habitants ProtestantsDrôme | Bas-Rhin | Territoire-de-Belfort
40%
...avec une cheminée de plus de
200 m
Bouches-du-Rhône | Gard | Seine-Maritime | Loire-Atlantique | Yvelines
8%

Distribution des résultats

Percentile par nombre de réponses

% des personnes avec chaque résultat

Votre développement - résultats

Vous n’avez pas pris ce quiz